Enki dort (Record no. 14044)

MARC details
010 ## - Numéro international normalisé du livre (ISBN)
ISBN 9791094828946
Disponibilité et/ou prix 8 EUR
099 ## - Visibilité opac
notice masquée en opac Non
100 ## - Données générales de traitement
Données générales de traitement 20251202d2025 m y0frey50 ba
101 0# - Langue de la ressource
Langue du texte, de la bande son, etc. français
102 ## - Pays de publication ou de production
Pays de publication France
200 1# - Titre et mention de responsabilité
Titre propre Enki dort
Indication générale du type de document
214 #0 - Mentions de production, publication, diffusion et manufacture
Nom de l’éditeur Koïnè éditions
Date de publication impr. 2025
214 #3 - Mentions de production, publication, diffusion et manufacture
Nom de l’éditeur Impr. Acort Europe
215 ## - Description physique
Nombre de pages 1 vol. (44 p.)
225 ## - Collection
Titre de la collection Dans l'atelier de
323 ## - Nombre de personnages
Texte de la note indéfini
330 ## - Résumé ou extrait
Texte de la note Enki a l idée de fabriquer un moule pour façonner une créature avec de l'argile. La déesse Ninmah l y aidera en lui donnant vie. Cette invention, appelée « l'Homme », est acceptée par les dieux qui fêteront l'événement au cours d'un grand banquet. Dans cette histoire Marie-Pierre Cattino propose de compléter le texte au libre choix du lecteur.
610 ## - Mot-clé
Mot-clé mythe
-- mythologie
-- écriture
700 ## - Auteur principal
Nom Cattino
Prénom Marie-Pierre
Dates 1963-....
105 ## - Zone de données codées : textes, monographies
Données codées sur les monographies textuelles ||||z 00|a|
181 #0 - Zone de données codées : Forme de la ressource
Données de liaison entre champs 01
Forme du contenu selon l’ISBD sous forme codée i
Qualificatif(s) du contenu selon l’ISBD sous forme codée xxxe
181 ## - Zone de données codées : Forme de la ressource
Données de liaison entre champs 02
Autre référentiel utilisé pour coder la forme du contenu texte
Code du référentiel rdacontent
182 #0 - Zone de données codées : type de média
Données de liaison entre champs 01
Type de médiation selon l’ISBD sous forme codée sans média
182 ## - Zone de données codées : type de média
Données de liaison entre champs 02
Autre référentiel utilisé pour coder le type de médiation sans média
Code du référentiel rdamedia
214 #0 - Mentions de production, publication, diffusion et manufacture
Lieu de publication, production, distribution/diffusion, fabrication [Bagnolet]
214 #3 - Mentions de production, publication, diffusion et manufacture
Lieu de publication, production, distribution/diffusion, fabrication 91-Les Ulis
215 ## - Description physique
Autres caractéristiques matérielles ill.
Dimensions 18 cm
410 #0 - Collection
Identifiant de la notice bibliographique liée 48725276
410 #0 - Collection
Titre de l'oeuvre Dans l'atelier de... (Bagnolet)
Date de publication 2025
686 ## - Autres numéros de classification
Indice 802
Code du format utilisé Cadre de classement de la Bibliographie nationale française
700 ## - Auteur principal
Identifiant de la notice d'autorité 15070171
Identifiant international normalisé pour les noms ISNI0000000002659408
Code de fonction Auteur
801 #0 - Origine de la notice
Pays FR
Agence de catalogage FR-751131015
Date de la transaction 20251202
Règles de catalogage utilisées AFNOR
Identifiant d'origine FRBNF486587050000004
Code du format utilisé intermrc
856 #2 - Adresse électronique et mode d’accès
Uniform Resource Identifier 1151687
Numéro d'accès Première de couverture
856 #2 - Adresse électronique et mode d’accès
Uniform Resource Identifier 1151688
Numéro d'accès Quatrième de couverture
000 -Etiquette de la notice
Leader 01641cam a2200433 4500
003 - Identifiant de la notice
Identifiant http://catalogue.bnf.fr/ark:/12148/cb486587057
005 - Identifiant de la version
Identifiant 20260326101543.0
073 #0 - EAN
Numéro normalisé 9791094828946
Holdings
Exclu du prêt Date de création Site actuel Code barre Date prix de remplacement Cote Statut Site de rattachement Type de document Koha
  26.03.2026 Théâtre Joliette JOL-007744 26.03.2026 TH CAT X   Théâtre Joliette Livre